| 000 | 00592cam a2200193 4500 | ||
|---|---|---|---|
| 999 |
_c78609 _d78609 |
||
| 005 | 20170927093525.0 | ||
| 008 | 170822b mx ||||| |||| 00| 0 spa d | ||
| 020 | _a9684961685 | ||
| 050 | 0 | 4 |
_aF1219 .3 .A3 _bA37 1994 |
| 245 | 1 | 0 |
_aAgricultura indigena : _bpasado y presente / _cTeresa Rojas Rabiela, coord. |
| 250 | _a1a reimp. | ||
| 260 |
_aMéxico : _bDe la Casa Chata, _c1994 |
||
| 300 |
_a397 p. ; _c21 cm. |
||
| 504 | _aBibliografía | ||
| 650 | 7 |
_2LEMB _aIndios de México _xAgricultura |
|
| 650 | 7 |
_2LEMB _aIndios de México _xHistoria |
|
| 650 | 7 |
_2LEMB _aIndios de México _xAntigüedades |
|
| 700 | 1 |
_aRojas Rabiela, Teresa, _ecoord. _d[1947- ] |
|
| 942 |
_2lcc _cLIB |
||